Turbomachines (Record no. 6341)

000 -LEADER
fixed length control field 00565nam a2200205 i 4500
001 - CONTROL NUMBER
control field 6341
003 - CONTROL NUMBER IDENTIFIER
control field BD-DhUET
008 - FIXED-LENGTH DATA ELEMENTS--GENERAL INFORMATION
fixed length control field 800825s1981 nyua b 001 0 eng
020 ## - INTERNATIONAL STANDARD BOOK NUMBER
International Standard Book Number 0471060364
040 ## - CATALOGING SOURCE
Original cataloging agency DLC
Transcribing agency DLC
Modifying agency BD-DhUET
082 ## - DEWEY DECIMAL CLASSIFICATION NUMBER
Classification number 621.165
Item number BAL/1981
100 1# - MAIN ENTRY--PERSONAL NAME
Personal name Balje, O. E.
245 10 - TITLE STATEMENT
Title Turbomachines
Remainder of title a guide to design selection and theory
Statement of responsibility, etc. by O. E. Balje
250 ## - EDITION STATEMENT
Edition statement 1st ed.
260 ## - PUBLICATION, DISTRIBUTION, ETC. (IMPRINT)
Place of publication, distribution, etc. New York
Name of publisher, distributor, etc. John Wiley and Sons
Date of publication, distribution, etc. 1981
300 ## - PHYSICAL DESCRIPTION
Extent x, 513 p.
Other physical details ill.
Dimensions 24 cm.
504 ## - BIBLIOGRAPHY, ETC. NOTE
Bibliography, etc Includes bibliographies
650 #0 - SUBJECT ADDED ENTRY--TOPICAL TERM
Topical term or geographic name as entry element Turbomachines
942 ## - ADDED ENTRY ELEMENTS (KOHA)
Koha item type General Book
Holdings
Koha normalized classification for sorting Koha date last seen Sublocation or collection (holding branch) Lost status Withdrawn status Piece designation (barcode) Source of classification or shelving scheme Damaged status Price effective from Copy number Not for loan Koha item type Shelving location Date acquired Location (home branch) Koha full call number
621_000000000000000_165BAL19812014-12-02Central Library, BUET  61480  2014-12-021 General BookCirculation section2014-12-02Central Library, BUET621.165/BAL/1981
621_165000000000000_BAL19812015-04-26Central Library, BUET  61485  2014-12-079 General BookCirculation section2014-12-07Central Library, BUET621.165 /BAL/1981
621_165000000000000_BAL19812014-12-07Central Library, BUET  61482  2014-12-076 General BookCirculation section2014-12-07Central Library, BUET621.165 /BAL/1981
621_165000000000000_BAL19812014-12-07Central Library, BUET  61486  2014-12-0710 General BookCirculation section2014-12-07Central Library, BUET621.165 /BAL/1981
621_165000000000000_BAL19812014-12-07Central Library, BUET  61479  2014-12-073 General BookCirculation section2014-12-07Central Library, BUET621.165 /BAL/1981
621_165000000000000_BAL19812014-12-07Central Library, BUET  61481  2014-12-075 General BookCirculation section2014-12-07Central Library, BUET621.165 /BAL/1981
621_165000000000000_BAL19812014-12-07Central Library, BUET  61484  2014-12-078 General BookCirculation section2014-12-07Central Library, BUET621.165 /BAL/1981
621_165000000000000_BAL19812014-12-07Central Library, BUET  61478  2014-12-072 General BookCirculation section2014-12-07Central Library, BUET621.165 /BAL/1981
621_165000000000000_BAL_19812015-04-23Central Library, BUET  61477  2015-04-2311 General BookCirculation section2015-04-23Central Library, BUET621.165/BAL/1981